000 00571nam a2200133 a 4500
008 120416s1979 xx |||||||||||||| || u
050 _aNA 9035 Lin
100 _aLindley, Kenneth
245 1 0 _aLandscape and buildings
260 _c[1979]
350 _a0.00
995 _aMAIN LIBRARY OPEN ACCESS
_D0.00
_e718090
_FCBU-MAIN LIBRARY (Kitwe)
_H2
_I1.00
_jNA 9035 Lin
_UAVAILABLE
_y010649
_ZMain Library Open Access Collection
995 _aMAIN LIBRARY OPEN ACCESS
_D0.00
_e714477
_FCBU-MAIN LIBRARY (Kitwe)
_H1
_I1.00
_jNA 9035 Lin
_UAVAILABLE
_y010648
_ZMain Library Open Access Collection
999 _c80602
_d80602